000 01144nam a2200313 a 4500
999 _c3395
_d3395
001 4524690
003 GZU
005 20201130102904.0
008 990507s1998 ne b 001 0 eng d
010 _a 99204423
020 _a085598404X
035 _a(CStRLIN)PATG99-B4025
040 _aUk/ED/N-1
_cDLC
_dDLC
_dPPT
042 _alccopycat
050 0 0 _aHQ1101
_bGEN 1998
245 0 0 _aGender training :
_bthe source book.
260 _aAmsterdam :
_bRoyal Tropical Institute ;
_aOxford :
_bOxfam,
_cc1998.
300 _a176 p. ;
_c24 cm.
440 0 _aCritical reviews and annotated bibliographies series
490 1 _aGender, society & development ;
_v2nd
504 _aIncludes bibliographical references and indexes.
650 0 _aSex role
_zDeveloping countries.
650 0 _aWomen in development
_zDeveloping countries.
650 0 _aSocial planning
_zDeveloping countries.
830 0 _aGender, society & development ;
_v2.
906 _a7
_bcbc
_ccopycat
_d3
_encip
_f19
_gy-gencatlg
942 _2lcc
_cBK
_h1101
_iGEN
_kHQ